Costa Rica: legalizar el despojo/
Kaydedildi:
| Yazar: | |
|---|---|
| Diğer Yazarlar: | |
| Materyal Türü: | Kitap |
| Dil: | Spanish |
| Etiketler: |
Etiketle
Etiket eklenmemiş, İlk siz ekleyin!
|
MARC
| LEADER | 00000nam a22000007a 4500 | ||
|---|---|---|---|
| 003 | cru CIDCACS/IIS | ||
| 005 | 20180426062534.0 | ||
| 007 | ta | ||
| 008 | 180228s2011 uy |||p|r||||||0| ||spa|d | ||
| 999 | |c 41066 |d 41066 | ||
| 040 | |c cru CIDCACS/IIS | ||
| 100 | 1 | |9 6703 |a Picado Cerdas, Henry | |
| 245 | 1 | |a Costa Rica: |b legalizar el despojo/ |c Henry Picado Cerdas, José Julian Llaguno Thomas | |
| 300 | |a páginas 16-18 | ||
| 700 | 1 | |a Llaguno Thomas, José Julián |9 6689 | |
| 773 | 0 | |0 41050 |9 1829 |a Red de Ecología Social (Uruguay) |d Uruguay: REDES-AT; GRAIN |o 17997 |t Biodiversidad: |x 07977888X | |
| 942 | |2 ddc |c PP | ||
